• 首页
  • 本馆介绍
  • 公告通知
  • 最新文献
  • 馆藏检索
  • 电子资源
  • 读者导购
  • 参考咨询
  • 我的图书馆
  • 登录
  • 详细信息显示
  • 放入我的书架
  • 预约/预借图书
  • 作者相关作品
  • 分类相关作品
  • 丛书相关作品
  • 出版社相关作品

书目信息

  • 表格格式
  • 工作单格式
  • 卡片格式
题名:
国外实验力学
    
 
作者: ;中国科学技术情报研究所重庆分所 编辑
分册:  
出版信息: 重庆   科学技术文献出版社重庆分社  1981
页数: 150页
开本: 25cm
丛书名:
单 册:
中图分类: O348
科图分类:
主题词: 力学--实验
电子资源:
ISBN:
000 00702nam0 2200229 45
001 0181004912
005 20061121104301.21
010    @dCNY1.00
091    @aCN@b13176.89
100    @a19950621d1981 em y0chiy0121 ea
101 1  @achi@cmul
102    @aCN@b510000
105    @ay z 000yy
200 10 @a国外实验力学@Aguo wai shi yan li xue@f中国科学技术情报研究所重庆分所编辑
210    @a重庆@c科学技术文献出版社重庆分社@d1981
215    @a150页@d25cm
606    @a力学@x实验
690    @aO348@v3
711 02 @a中国科学技术情报研究所重庆分所@Azhong guo ke xue ji shu qing bao yan jiu suo chong qing fen suo@4编辑
801  2 @aCN@bNLC@c20061121
801  0 @aCN@bTSSF
905    @a10447@dO348@e16/18
    
    国外实验力学/中国科学技术情报研究所重庆分所编辑.-重庆:科学技术文献出版社重庆分社,1981
    150页;25cm
    
    
    ISBN :CNY1.00
    
●
相关链接 在E读中查询图书 在五车中查询图书 在当当中查询图书 在豆瓣中查询图书


正题名:国外实验力学     索取号:O348/16/18         预约/预借

序号 登录号 条形码 馆藏地/架位号 状态 备注
1 0050279   000385746   密集书库/ [索取号:O348/16/18] 在馆    
2 0050280   000385737   第二样本阅览室/ [索取号:O348/16/18] 在馆    
唐山师范学院图书馆 欢迎您!
大连网信软件有限公司© 版权所有